Analysis of Financial Indicators Development of the World's Largest Environmental Companies

Ekologické financovanie je súčasťou udržateľného financovania a označuje investície, ktoré prispievajú k napĺňaniu cieľov politiky environmentálnej udržateľnosti. Podpora ekologického financovania je dôležitá, pretože environmentálne ciele sú investičnou výzvou. Príspevok je zameraný na analýzu vývo...

Descrizione completa

Salvato in:
Dettagli Bibliografici
Autore principale: Pekár, Juraj, 1972-
Altri autori: Brezina, Ivan, 1963-, Reiff, Marian, 1978-
Natura: Capitolo di libro
Lingua:inglese
Soggetti:
Tags: Aggiungi Tag
Nessun Tag, puoi essere il primo ad aggiungerne!!

MARC

LEADER 00000naa$a2200000$$$4500
001 0297645
005 20240502084001.7
041 0 |a eng 
044 |a RS 
245 1 0 |a Analysis of Financial Indicators Development of the World's Largest Environmental Companies  |c Juraj Pekár, Ivan Brezina, Marian Reiff 
520 |a Ekologické financovanie je súčasťou udržateľného financovania a označuje investície, ktoré prispievajú k napĺňaniu cieľov politiky environmentálnej udržateľnosti. Podpora ekologického financovania je dôležitá, pretože environmentálne ciele sú investičnou výzvou. Príspevok je zameraný na analýzu vývoja finančných ukazovateľov najväčších svetových environmentálnych spoločností. Ako teoretický základ poslúžila miera rizika Conditional Value-at-Risk (CVaR). Analýza bola vykonaná na základe miery rizika a návratnosti environmentálnych spoločností. 
610 2 0 |a ukazovatele finančné 
610 2 0 |a investície ekologické 
610 2 0 |a spoločnosti 
610 2 0 |a udržateľnosť 
610 2 0 |a riziko investičné 
610 2 0 |a návratnosť investícií 
100 1 |a Pekár, Juraj, 1972- 
700 1 |a Brezina, Ivan, 1963- 
700 1 |a Reiff, Marian, 1978-